| 000 | 02133cam a22003857a 4500 | ||
|---|---|---|---|
| 999 |
_c531790 _d531790 |
||
| 001 | 15962047 | ||
| 003 | NUST | ||
| 005 | 20191028112553.0 | ||
| 008 | 091027s2009 maua b 001 0 eng d | ||
| 010 | _a 2009279323 | ||
| 020 | _a9781596933293 | ||
| 020 | _a1596933291 | ||
| 035 | _a(OCoLC)ocn326508989 | ||
| 038 | _aMSOHAIL | ||
| 040 |
_aBTCTA _cBTCTA _dYDXCP _dCOD _dBWX _dDLC |
||
| 042 | _alccopycat | ||
| 050 | 0 | 0 |
_aTL798.N3 _bG59 2009 |
| 082 | 0 | 0 |
_a910.285 _222 |
| 245 | 0 | 0 |
_aGNSS applications and methods / _cScott Gleason, Demoz Gebre-Egziabher, editors. |
| 260 |
_aBoston, Mass. : _bArtech House, _cc2009. |
||
| 300 |
_axvii, 508 p. : _bill. ; _c26 cm. + _e1 DVD-ROM (digital : col. ; 4 3/4 in.). |
||
| 490 | 1 | _aGNSS technology and applications series | |
| 500 | _aAccompanied by DVD-ROM containing processing tools and data sets. | ||
| 504 | _aIncludes bibliographical references and index. | ||
| 505 | 0 | _aGlobal navigation satellite systems: present and future -- GNSS signal acquisition and tracking -- GNSS navigation: estimating position, velocity, and time -- Differential GNSS: accuracy and integrity -- A GPS software receiver -- Integration of GNSS and INS: part 1 -- Integration of GNSS and INS: part 2 -- Integrated LADAR, INS, and GNSS navigation -- Combining GNSS with RF systems -- Aviation applications -- Integrated GNSS and LORAN systems -- Indoor and weak signal navigation -- Space applications -- Geodesy and surveying -- Atmospheric sensing using GNSS occultations -- Remote sensing using bistatic GNSS reflections -- New navigation signals and future systems in evolution. | |
| 538 | _aAccompanying software compatible with Windows, Linux, or Macintosh. | ||
| 650 | 0 |
_aArtificial satellites in navigation. _924847 |
|
| 650 | 0 |
_aGlobal Positioning System. _921037 |
|
| 700 | 1 |
_aGleason, Scott. _924849 |
|
| 700 | 1 |
_aGebre-Egziabher, Demoz. _924850 |
|
| 830 | 0 |
_aGNSS technology and applications series. _924846 |
|
| 906 |
_a7 _bcbc _ccopycat _d2 _encip _f20 _gy-gencatlg |
||
| 942 |
_2ddc _cBK |
||